| 000 | 01192cam a2200265 4500 | ||
|---|---|---|---|
| 001 | L130712 | ||
| 008 | 050825n2005 000 0 eng u | ||
| 035 | _a(Sirsi) u130712 | ||
| 041 | 0 | _aeng | |
| 050 | 0 | 4 | _a692.2 $2 18 |
| 110 | 2 | 4 |
_aThe Basement Information Centre _94757 |
| 245 | 0 | 0 |
_aProposals for additions to _bapproved document basements for dwellings _h[electronic resource] |
| 260 |
_aBlackwater, Surrey _bBasement Information Centre _c2005 |
||
| 520 | _aSets out proposals for amendments to Private Sector Approved Document Basements for Dwellings (2004 Edition) including guidance on the design of plain masonry and plain ready mixed concrete retaining walls in accordance with Eurocodes 6 and 2 respectively. | ||
| 590 | _aIKA300805 | ||
| 650 | 2 | 4 | _aBUILDING ACT 1984 |
| 650 | 2 | 4 | _aEUROCODE 6 |
| 650 | 2 | 4 | _aEUROCODE 2 |
| 650 | 2 | 4 | _aPRIVATE SECTOR APPROVED DOCUMENT BASEMENTS FOR DWELLINGS (2004 EDITION) |
| 650 | 2 | 4 | _aBUILDING REGULATIONS 2000 |
| 651 | 4 |
_aEngland and Wales _y1543- |
|
| 690 |
_aBuilding regulations _96224 |
||
| 856 | 4 | 0 |
_uhttps://www.basements.org.uk/i_page.php?t=1&p=12 _zView the consultation free of charge at www.basements.org.uk... |
| 942 | _n0 | ||
| 999 |
_c104528 _d104528 |
||